00816 a2200205 4500003000500000005001700005040000900022082001000031100003700041245010100078260003700179300001200216505019700228538002900425650001400454651001200468942000800480999001900488952010300507Nust20170207153550.0 cNust a005.1 aJanjua, Fasial Nawz ( MSCS-13) aHybrid fingerprint matching by wavelet based feature extraction techniquecFasial Nawaz Janjua  bMCS,NUSTcApril 2008aRawalpindi a90, p.; aIntroduction (page-1) Literature review (page-7) Adopted methodology (page-29) Design and implementation of proposed system (page-36) System analysis and results (page-60) Conclusion (page-74) aAlmirah No 69 Shelf No 5 aPG Thesis aMSCS-13 cTHS c188834d188834 00102ddc40708NFICaMCSbMCSd2016-12-12l0o005.1 JANpMCSTCS-128r2016-12-08w2016-12-12yBK